000 00869nam a2200253Ia 4500
003 OSt
005 20220930190145.0
006 a|||||r|||| 00| 0
007 ta
008 220926b |||||||| |||| 00| 0 hin d
020 _a8181436539 (hbk)
_c125
024 _a98780
037 _b567, 23/03/2009, Vani Prakashan
_cTextbook
040 _aCRL
_cCRL
_bhin
041 _2hin
_ahin
082 _aP152, M1;P7
100 _aवाजपेयी, किशोरीदास
245 0 _aहिन्दी - निरूक्त
246 _aMere sākṣhātkāra
260 _aनई दिल्ली,
_bवाणी प्रकाशन, भारत
_c2007
300 _a79पृ0
_ccm.
942 _hP152, M1;P7
_cTB
_2CC
999 _c891685
_d891685